000 00372nam a2200157Ia 4500
005 20250312165840.0
008 231217s9999 xx 000 0 und d
020 _a9788131202975
082 _a612.111 POT;1 R
100 _aPotten C S
245 0 _aStem cells
260 _c1997
_bAcademic Press
_aLONDON
300 _axii+474
650 _aStem,cells
942 _cAA
999 _c182998
_d182998